Процессы формирования и функционирования единых валют в современном мире; Энергия молодых - экономике России; Ч. 1

Bibliographische Detailangaben
Parent link:Энергия молодых - экономике России: труды IX Международной научно-практической конференции студентов и молодых ученых, г. Томск, 19-22 мая 2008 г./ Томский политехнический университет (ТПУ) ; Вольное экономическое общество России ; Международный союз экономистов (МСЭ).— , 2008
Ч. 1.— 2008.— С. 203-205
1. Verfasser: Мискин А. С.
Sprache:Russisch
Veröffentlicht: 2008
Schlagworte:
Format: MixedMaterials Buchkapitel
KOHA link:https://koha.lib.tpu.ru/cgi-bin/koha/opac-detail.pl?biblionumber=158635

MARC

LEADER 00000naa2a2200000 4500
001 158635
005 20231031154512.0
035 |a (RuTPU)RU\TPU\book\172046 
090 |a 158635 
100 |a 20090427d2008 k y0rusy50 ca 
101 0 |a rus 
102 |a RU 
200 1 |a Процессы формирования и функционирования единых валют в современном мире  |f А. С. Мискин 
320 |a Библиогр.: 1 назв. 
461 1 |0 (RuTPU)RU\TPU\book\166087  |t Энергия молодых - экономике России  |o труды IX Международной научно-практической конференции студентов и молодых ученых, г. Томск, 19-22 мая 2008 г.  |f Томский политехнический университет (ТПУ) ; Вольное экономическое общество России ; Международный союз экономистов (МСЭ)  |d 2008 
463 0 |0 (RuTPU)RU\TPU\book\164801  |t Ч. 1  |v С. 203-205  |d 2008 
610 1 |a единая валюта 
610 1 |a валюта 
610 1 |a глобализация 
610 1 |a валютный рынок 
610 1 |a мировой волютный рынок 
610 1 |a валютные зоны 
610 1 |a труды учёных ТПУ 
700 1 |a Мискин  |b А. С. 
801 1 |a RU  |b 63413507  |c 20090427  |g PSBO 
801 2 |a RU  |b 63413507  |c 20161121  |g RCR 
942 |c BK